000 00709nam a2200289Ia 4500
005 20260324143319.0
008 008 260324s9999 xx 000 0 eng d
020 _a9780429180538
037 _aEBOOK
040 _aCRL
040 _beng
040 _cCRL
041 _2eng
041 _aeng
084 _qCRL
100 _aPaul Mather
_91215190
245 0 _aTERRA- 1: Understanding The Terrestrial Environment
245 4 _bThe Role of Earth Observations from Space
260 _bTaylor and Francis
260 _c1992
365 _a
365 _b560
856 _uhttp://www.taylorfrancis.com/books/9780429180538
942 _cEBOOK
999 _c1820407
_d1820407